00000000nam 2200000zi 4500
0019.928657
003CaOODSP
00520250130124924
006m     o  d f      
007cr |n|||||||||
008230123s1968    oncab   o    f|0| 0 eng d
040 |aCaOODSP|beng|erda|cCaOODSP
043 |an-cn-on
0861 |aEn37-637/1968E-PDF
24500|aCanada Centre for Inland Waters : |bplanning report 1968 / |cReid, Crowther & Partners Limited, engineers; Wall and Yamamoto, architects.
264 1|a[Ottawa] : |bDepartment of Public Works, |c1968.
300 |a1 online resource (1 volume (various pagings)) : |billustrations, maps
336 |atext|btxt|2rdacontent
337 |acomputer|bc|2rdamedia
338 |aonline resource|bcr|2rdacarrier
500 |aDigitized edition from print [produced by Environment and Climate Change Canada].
500 |a"Prepared by the Department of Public Works, Canada for the Department of Energy, Mines and Resources, Canada."
61020|aCanada Centre for Inland Waters.
650 0|aEnvironmental laboratories|zOntario|zBurlington|xPlanning.
650 6|aEnvironnement|xLaboratoires|zOntario|zBurlington|xPlanification.
7101 |aCanada. |bDepartment of Public Works, |eissuing body.
7102 |aReid, Crowther & Partners, |econsultant.
7102 |aWall and Yamamoto, |econsultant.
85640|qPDF|s7.24 MB|uhttps://publications.gc.ca/collections/collection_2025/eccc/en37/En37-637-1968-eng.pdf